• 首页
  • 本馆介绍
  • 公告通知
  • 最新文献
  • 馆藏检索
  • 电子资源
  • 读者导购
  • 参考咨询
  • 我的图书馆
  • 登录
  • 详细信息显示
  • 放入我的书架
  • 预约/预借图书
  • 作者相关作品
  • 分类相关作品
  • 丛书相关作品
  • 出版社相关作品

书目信息

  • 表格格式
  • 工作单格式
  • 卡片格式
题名:
现代电影美学体系
    
 
作者: 王志敏 著
分册:  
出版信息: 北京   北京大学出版社  2006
页数: 238页
开本: 23cm
丛书名: 北京大学影视艺术丛书
单 册:
中图分类: J901
科图分类:
主题词: 电影美学
电子资源:
ISBN: 7-301-09216-4
000 00816oam2 2200253 450
001 012007683240
005 20070716151805.92
010    @a7-301-09216-4@dCNY26.00
100    @a20070714d2006 km y0chiy0120 ea
101 0  @achi
102    @aCN@b110000
105    @ay z 000yy
106    @ar
200 1  @a现代电影美学体系@Axian dai dian ying mei xue ti xi@f王志敏著@Fwang zhi min zhu
210    @a北京@c北京大学出版社@d2006
215    @a238页@d23cm
225 2  @a北京大学影视艺术丛书
330    @a本书主要论述了电影美学成立论、电影美学定位论、电影美学对象论、电影美学基础论、电影美学规律论、电影美学系统论、电影美学背景论等。
461  0 @12001 @a北京大学影视艺术丛书
606 0  @a电影美学
690    @aJ901@v4
701  0 @a王志敏@Awang zhi min@4著
801  0 @aCN@bRULIN@c20070716
905    @dJ901@e210@s8
    
    现代电影美学体系/王志敏著.-北京:北京大学出版社,2006
    238页;23cm.-(北京大学影视艺术丛书)
    
    
    ISBN 7-301-09216-4:CNY26.00
    本书主要论述了电影美学成立论、电影美学定位论、电影美学对象论、电影美学基础论、电影美学规律论、电影美学系统论、电影美学背景论等。
●
相关链接 在E读中查询图书 在五车中查询图书 在当当中查询图书 在豆瓣中查询图书


正题名:现代电影美学体系     索取号:J901/210         预约/预借

序号 登录号 条形码 馆藏地/架位号 状态 备注
1 0583438   205834383   第一样本阅览室/ [索取号:J901/210] 在馆    
2 0583439   205834392   第一借阅区/ [索取号:J901/210] 在馆    
3 0583440   205834409   第一借阅区/ [索取号:J901/210] 在馆    
4 0583441   205834418   第一借阅区/ [索取号:J901/210] 在馆    
5 0583442   205834427   第一借阅区/ [索取号:J901/210] 在馆    
6 0583443   205834436   第一借阅区/ [索取号:J901/210] 在馆    
7 0583444   205834445   第一借阅区/ [索取号:J901/210] 在馆    
8 0583445   205834454   第一借阅区/ [索取号:J901/210] 在馆    
唐山师范学院图书馆 欢迎您!
大连网信软件有限公司© 版权所有